| 000 | 00497cam a22002051 4500 | ||
|---|---|---|---|
| 001 | sa 68004197 | ||
| 003 | DLC | ||
| 005 | 20260227112500.0 | ||
| 008 | 950203s1967 ii 000 0 malo | ||
| 010 | _asa 68004197 | ||
| 025 | _aPL480:I-Mal-1269 | ||
| 035 | _a(OCoLC)31933078 | ||
| 040 |
_aDLC _cCU _dCU _dDLC |
||
| 050 | 0 | 0 |
_aPL4718.9.K847 _bM5 |
| 100 | 1 | _aKunnappally, John. | |
| 245 | 1 | 0 | _aMiss Selin. |
| 260 |
_a[Kottayam? _c1967] |
||
| 300 |
_a114 p. _c18 cm. |
||
| 500 | _aIn Malayalam. | ||
| 999 |
_c80035 _d80035 |
||